Το Ευρωπαϊκό Κοινοβούλιο : προβλήματα, πραγματοποιήσεις, προοπτικές = Le Rarlement Europeen: problemes, realisations, perspectives
Αποθηκεύτηκε σε:
| Άλλοι συγγραφείς: | |
|---|---|
| Μορφή: | Βιβλίο |
| Γλώσσα: | Greek |
| Δημοσίευση: |
Θεσσαλονίκη; Αθήνα :
Κέντρο Διεθνούς και Ευρωπαϊκού Οικονομικού Δικαίου,
1984.
|
| Σειρά: | Βιβλιοθήκη Διεθνούς και Ευρωπαικού Οικονομικού Δικαίου ;
4. |
| Θέματα: | |
| Ετικέτες: |
Προσθήκη ετικέτας
Δεν υπάρχουν, Καταχωρήστε ετικέτα πρώτοι!
|
MARC
| LEADER | 00000cam a2200000 i 4500 | ||
|---|---|---|---|
| 001 | 1/104614 | ||
| 008 | 950605s1984####gr | | | | |||| ||gre|| | ||
| 035 | |l 10013327 | ||
| 040 | |a GR-MY-UA |b gre |e aacr | ||
| 041 | 0 | |a gre | |
| 082 | 0 | |a 341.2424 | |
| 245 | 1 | 3 | |a Το Ευρωπαϊκό Κοινοβούλιο : |b προβλήματα, πραγματοποιήσεις, προοπτικές = Le Rarlement Europeen: problemes, realisations, perspectives / |c Επιμέλεια: Π. Ν. Στάγκος ; Πρόλογος: Δ. Ευρυγένης. |
| 246 | 1 | |i Παράλληλος τίτλος: |a Le Parlement Europeen : |b problemes, relisations, perspectives | |
| 260 | |a Θεσσαλονίκη; Αθήνα : |b Κέντρο Διεθνούς και Ευρωπαϊκού Οικονομικού Δικαίου, |c 1984. | ||
| 300 | |a 468 σ. | ||
| 490 | 1 | |a Βιβλιοθήκη Διεθνούς και Ευρωπαϊκού Οικονομικού Δικαίου = Bibliotheque de Droit Economique Internatinal et Eyropeen |v ; 4 | |
| 610 | 2 | 0 | |a European Economic Community. |
| 700 | 1 | |a Στάγκος, Πέτρος Ν. | |
| 830 | 0 | |a Βιβλιοθήκη Διεθνούς και Ευρωπαικού Οικονομικού Δικαίου ; |v 4. | |
| 852 | |a INST |b LESVOS |e 19950605 |h 341.2424 ΕΥΡ |p 005100004128 |q 005100004128 |t BK |y 0 | ||
| 909 | |a Λ |b 011081 | ||